الندوة المصرية الاولى حول القانون الدولي الانساني / (Record no. 76353)
[ view plain ]
| 000 -LEADER | |
|---|---|
| fixed length control field | 01231nam a22003137i 4500 |
| 003 - CONTROL NUMBER IDENTIFIER | |
| control field | EG-GICUC |
| 005 - DATE AND TIME OF LATEST TRANSACTION | |
| control field | 20260509120707.0 |
| 008 - FIXED-LENGTH DATA ELEMENTS--GENERAL INFORMATION | |
| fixed length control field | 260509s1982 ua ||||fr|||| 00| 0 ara d |
| 040 ## - CATALOGING SOURCE | |
| Original cataloging agency | EG-GICUC |
| Language of cataloging | ara |
| Transcribing agency | EG-GICUC |
| Modifying agency | EG-GICUC |
| Description conventions | rda |
| 041 ## - LANGUAGE CODE | |
| Language code of text/sound track or separate title | ara |
| 082 04 - DEWEY DECIMAL CLASSIFICATION NUMBER | |
| Edition number | 21 |
| Classification number | 341.65 |
| Item number | ل ج . ن |
| 092 04 - LOCALLY ASSIGNED DEWEY CALL NUMBER (OCLC) | |
| Edition number | 21 |
| 099 ## - LOCAL FREE-TEXT CALL NUMBER (OCLC) | |
| Classification number | Law1 11 341.65 ل ج . ن 1982 |
| 110 ## - MAIN ENTRY--CORPORATE NAME | |
| Corporate name or jurisdiction name as entry element | اللجنة الدولية للصليب الاحمر |
| Relator term | معد. |
| 245 02 - TITLE STATEMENT | |
| Title | الندوة المصرية الاولى حول القانون الدولي الانساني / |
| Statement of responsibility, etc. | اللجنة الدولية للصليب الاحمر. |
| 246 ## - VARYING FORM OF TITLE | |
| Title proper/short title | First Egyptian Seminar On International Humanitarian Law |
| 264 ## - PRODUCTION, PUBLICATION, DISTRIBUTION, MANUFACTURE, AND COPYRIGHT NOTICE | |
| Place of production, publication, distribution, manufacture | القاهرة: |
| Name of producer, publisher, distributor, manufacturer | اللجنة الدولية للصليب الاحمر, |
| Date of production, publication, distribution, manufacture, or copyright notice | 1982. |
| 300 ## - PHYSICAL DESCRIPTION | |
| Extent | 289 ؛ صفحة |
| Dimensions | 24 سم |
| 336 ## - CONTENT TYPE | |
| Source | rda content |
| Content type term | text |
| 337 ## - MEDIA TYPE | |
| Source | rda media |
| Media type term | Computer |
| 338 ## - CARRIER TYPE | |
| Source | rda carrier |
| Carrier type term | Online Resource |
| 546 ## - LANGUAGE NOTE | |
| Language note | النص موازٍ باللغتين العربية والإنجليزية |
| 650 1# - SUBJECT ADDED ENTRY--TOPICAL TERM | |
| Topical term or geographic name entry element | دولي عام |
| Source of heading or term | qrmak |
| 650 1# - SUBJECT ADDED ENTRY--TOPICAL TERM | |
| Topical term or geographic name entry element | الصليب لاحمر |
| Source of heading or term | qrmak |
| 651 1# - SUBJECT ADDED ENTRY--GEOGRAPHIC NAME | |
| Source of heading or term | qrmak |
| 856 40 - ELECTRONIC LOCATION AND ACCESS | |
| Uniform Resource Identifier | <a href="https://fll.law.cu.edu.eg/fulltext/bks/ B11-09829.pdf">https://fll.law.cu.edu.eg/fulltext/bks/ B11-09829.pdf</a> |
| 905 ## - Cataloger and Reviser Names | |
| Cataloger Name: | Esraa Hossam |
| 942 ## - ADDED ENTRY ELEMENTS (KOHA) | |
| Source of classification or shelving scheme | Dewey Decimal Classification |
| Koha item type | Books |
| Edition | 21 |
| Suppress in OPAC | No |
| Withdrawn status | Lost status | Source of classification or shelving scheme | Damaged status | Not for loan | Collection | Home library | Current library | Date acquired | Source of acquisition | Total checkouts | Full call number | Barcode | Date last seen | Copy number | Price effective from | Koha item type |
|---|---|---|---|---|---|---|---|---|---|---|---|---|---|---|---|---|
| Dewey Decimal Classification | Not for loan | القانون الدولي العام | جــــامعة القــاهرة | مكتبة كلية الحقوق - المبنى الرئيسي | 09.05.2026 | إهداء مكتبة الأستاذ الدكتور صلاح عامر | Law1 11 341.65 ل ج . ن 1982 1109829 C1 | B11-09829 | 09.05.2026 | 1 | 09.05.2026 | Books |